000 00451nam a2200157 4500
001 127989
003 ES-MaACL
005 20230906193132.0
007 t|
008 070214s1972 sp r ||||1| spa d
100 1 _aRíos González, José Antonio.
_997383
245 1 0 _aFamilia y centro educativo /
_cJosé Antonio Ríos González.
260 _aMadrid :
_bParaninfo,
_c1972.
300 _a130 p. ;
_c24 cm.
852 _aES-MaACL
_jC-43669
_bR.83279
999 _c127989
_d127989